| 000 | 01189nam a2200265Ia 4500 | ||
|---|---|---|---|
| 003 | OSt | ||
| 005 | 20220923211303.0 | ||
| 006 | a|||||r|||| 00| 0 | ||
| 007 | ta | ||
| 008 | 220922b |||||||| |||| 00| 0 hin d | ||
| 020 |
_a9788179171554 (hbk) _c1300 |
||
| 024 | _a283,177 | ||
| 037 |
_b27, 02/02/2015, P. K. Books _cTextual |
||
| 040 |
_aARTS _cARTS _bhin |
||
| 041 |
_2hin _ahin |
||
| 082 | _aX:3M24xM18, 152Q4 | ||
| 100 |
_aमार्क्स, कार्ल; मुरली मनोहर प्रसाद सिंह, संपा. _9160173 |
||
| 245 | 0 | _aअर्थशास्त्र और दर्शन संबंधी 1844 की पांडुलिपियां | |
| 246 | _aArthashāstra aur darshan sanbandhī 1844 kī pāanḍulipiyāan | ||
| 260 |
_aनई दिल्ली _b ग्रंथ शिल्पी _c2014 |
||
| 300 |
_a252पृ. _ccm. |
||
| 650 | _aअर्थशास्त्र | ||
| 942 |
_hX:3M24xM18, 152Q4 _cTEXL _2CC |
||
| 999 |
_c298145 _d298145 |
||